[Event "DPEM German Cup 2020"]
[Site "Magdeburg"]
[Date "2020.08.20"]
[Round "2.3"]
[White "Keyser, Philipp"]
[Black "Meyer-Dunker, Paul"]
[Result "1-0"]
[WhiteElo "1995"]
[BlackElo "2105"]
[Annotator "ChessBase"]
[PlyCount "61"]
[EventDate "2020.07.30"]
[EventType "k.o."]
[EventCountry "GER"]
[SourceTitle "playchess.com"]
[Source "ChessBase"]
[SourceQuality "1"]
[TimeControl "40/5400+30:900+30"]

1. e4 {[%emt 0:00:00]} e5 {[%emt 0:00:00]} 2. Nf3 {[%emt 0:00:00]} Nc6 {[%emt 0:00:00]} 3. Bb5 {[%emt 0:00:00]} f5 {[%emt 0:00:00]} 4. Nc3 {[%emt 0:00:45]} fxe4 {[%emt 0:00:00]} 5. Nxe4 {[%emt 0:00:08]} Nf6 {[%emt 0:01:33]} 6. Nxf6+ {[%emt 0:01:12]} Qxf6 {[%emt 0:00:05]} 7. Qe2 {[%emt 0:00:21]} Be7 {[%emt 0:01:52]} 8. Bxc6 {[%emt 0:00:33]} dxc6 {[%emt 0:01:46]} 9. Nxe5 {[%emt 0:00:09]} O-O {[%emt 0:01:38]} 10. O-O {[%emt 0:00:14]} Bf5 {[%emt 0:02:55]} 11. f4 {[%emt 0:01:40]} Kh8 {[%emt 0:01:41]} 12. d4 {[%emt 0:00:10]} Rae8 {[%emt 0:03:55]} 13. Be3 {[%emt 0:00:31]} Bd6 {[%emt 0:01:24]} 14. Rf2 {[%emt 0:00:12]} c5 {[%emt 0:01:30]} 15. c3 {[%emt 0:04:55]} cxd4 {[%emt 0:00:54]} 16. cxd4 {[%emt 0:00:08]} Qe6 {[%emt 0:11:23]} 17. Qb5 {[%emt 0:03:20]} Be4 {[%emt 0:02:26]} 18. a3 {[%emt 0:01:05]} a6 {[%emt 0:06:58]} 19. Qc4 {[%emt 0:05:13]} Qf5 {[%emt 0:05:03]} 20. Rd1 {[%emt 0:01:50]} c6 {[%emt 0:02:02]} 21. Qb3 {[%emt 0:03:31]} Bd5 {[%emt 0:08:59]} 22. Qxb7 {[%emt 0:01:57]} Qe4 {[%emt 0:00:30]} 23. Re1 {[%emt 0:01:28]} Rxf4 {[%emt 0:02:49]} 24. Bd2 {[%emt 0:05:03]} Rxf2 {[%emt 0:17:54]} 25. Rxe4 {[%emt 0:00:22]} Rxd2 {[%emt 0:04:35]} 26. Ng6+ {[%emt 0:00:11]} hxg6 {[%emt 0:00:26]} 27. Rxe8+ {[%emt 0:00:06]} Kh7 {[%emt 0:00:07]} 28. Qc8 {[%emt 0:00:19]} Rxg2+ {[%emt 0:12:38]} 29. Kf1 {[%emt 0:00:07]} Kh6 {[%emt 0:00:23]} 30. Rh8+ {[%emt 0:00:37]} Kg5 {[%emt 0:00:05]} 31. Qd8+ {[%emt 0:00:16]} 1-0

[Event "DPEM German Cup 2020"]
[Site "Magdeburg"]
[Date "2020.08.20"]
[Round "2.4"]
[White "Gebigke, Martin"]
[Black "Langrock, Hannes"]
[Result "0-1"]
[WhiteElo "2077"]
[BlackElo "2346"]
[Annotator "ChessBase"]
[PlyCount "78"]
[EventDate "2020.07.30"]
[EventType "k.o."]
[EventCountry "GER"]
[SourceTitle "playchess.com"]
[Source "ChessBase"]
[SourceQuality "1"]
[TimeControl "40/5400+30:900+30"]

1. d4 {[%emt 0:00:00]} f5 {[%emt 0:00:00]} 2. g3 {[%emt 0:00:00]} Nf6 {[%emt 0:00:00]} 3. Bg2 {[%emt 0:00:00]} g6 {[%emt 0:00:00]} 4. Nf3 {[%emt 0:00:00]} Bg7 {[%emt 0:00:00]} 5. O-O {[%emt 0:00:07]} O-O {[%emt 0:00:04]} 6. b3 {[%emt 0:03:22]} d6 {[%emt 0:01:48]} 7. Bb2 {[%emt 0:00:10]} Ne4 {[%emt 0:01:03]} 8. Qc1 {[%emt 0:28:34]} Nd7 {[%emt 0:09:13]} 9. d5 {[%emt 0:06:28]} Ndf6 {[%emt 0:06:20]} 10. c4 {[%emt 0:00:46]} c6 {[%emt 0:01:42]} 11. dxc6 {[%emt 0:07:19]} bxc6 {[%emt 0:00:17]} 12. Nc3 {[%emt 0:00:15]} Bd7 {[%emt 0:08:13]} 13. Nxe4 {[%emt 0:01:47]} fxe4 {[%emt 0:04:51]} 14. Nd4 {[%emt 0:02:10]} a5 {[%emt 0:06:02]} 15. Qd2 {[%emt 0:06:06]} a4 {[%emt 0:00:55]} 16. Rab1 {[%emt 0:13:24]} axb3 {[%emt 0:01:57]} 17. axb3 {[%emt 0:00:05]} Qb6 {[%emt 0:03:11]} 18. b4 {[%emt 0:09:14]} Ra2 {[%emt 0:08:28]} 19. e3 {[%emt 0:07:07]} Rb8 {[%emt 0:07:51]} 20. Nc2 {[%emt 0:10:00]} Be6 {[%emt 0:08:08]} 21. Qc3 {[%emt 0:00:51]} Ne8 {[%emt 0:03:37]} 22. Qb3 {[%emt 0:00:39]} Rxb2 {[%emt 0:00:23]} 23. Rxb2 {[%emt 0:00:03]} Bxb2 24. Qxb2 {[%emt 0:00:03]} Bxc4 {[%emt 0:00:44]} 25. Rc1 {[%emt 0:03:04]} Nf6 {[%emt 0:02:57]} 26. Qc3 {[%emt 0:00:26]} Bd5 {[%emt 0:01:47]} 27. Rd1 {[%emt 0:00:45]} Rf8 {[%emt 0:08:14]} 28. h3 {[%emt 0:00:10]} Nd7 {[%emt 0:01:10]} 29. b5 {[%emt 0:00:57]} Qxb5 {[%emt 0:02:20]} 30. Nb4 {[%emt 0:00:20]} Nf6 {[%emt 0:00:51]} 31. g4 {[%emt 0:00:22]} h6 {[%emt 0:02:29]} 32. Bf1 {[%emt 0:00:12]} Qb7 {[%emt 0:00:25]} 33. Nxd5 {[%emt 0:00:23]} cxd5 {[%emt 0:00:32]} 34. Rc1 {[%emt 0:00:21]} Kf7 {[%emt 0:00:35]} 35. Be2 {[%emt 0:01:03]} Rb8 {[%emt 0:00:26]} 36. Rc2 {[%emt 0:00:45]} Qb4 {[%emt 0:00:35]} 37. Qxb4 {[%emt 0:00:40]} Rxb4 {[%emt 0:00:05]} 38. Kg2 {[%emt 0:00:27]} d4 {[%emt 0:00:52]} 39. exd4 {[%emt 0:00:11]} Rxd4 {[%emt 0:00:12]} 0-1

[Event "DPEM German Cup 2020"]
[Site "Magdeburg"]
[Date "2020.08.20"]
[Round "2.5"]
[White "Falk, Kristoffer"]
[Black "Weber, Samuel"]
[Result "1/2-1/2"]
[WhiteElo "2042"]
[BlackElo "2334"]
[Annotator "ChessBase"]
[PlyCount "30"]
[EventDate "2020.07.30"]
[EventType "k.o."]
[EventCountry "GER"]
[SourceTitle "playchess.com"]
[Source "ChessBase"]
[SourceQuality "1"]
[TimeControl "40/5400+30:900+30"]

1. d4 {[%emt 0:00:00]} Nf6 {[%emt 0:00:00]} 2. Nf3 {[%emt 0:00:00]} e6 {[%emt 0:04:39]} 3. c4 {[%emt 0:07:04]} a6 {[%emt 0:00:30]} 4. g3 {[%emt 0:00:30]} b5 {[%emt 0:00:30]} 5. Bg2 {[%emt 0:00:30]} c5 {[%emt 0:00:30]} 6. b3 {[%emt 0:02:18]} Bb7 {[%emt 0:14:41]} 7. cxb5 {[%emt 0:14:13]} axb5 {[%emt 0:00:34]} 8. dxc5 {[%emt 0:00:30]} Bxc5 {[%emt 0:00:30]} 9. O-O {[%emt 0:02:33]} O-O {[%emt 0:05:17]} 10. Nc3 {[%emt 0:11:29]} Qb6 {[%emt 0:12:00]} 11. a4 {[%emt 0:05:14]} b4 {[%emt 0:00:30]} 12. Nb5 {[%emt 0:00:30]} Ne4 {[%emt 0:15:20]} 13. e3 {[%emt 0:19:09]} d5 {[%emt 0:00:30]} 14. Re1 {[%emt 0:01:24]} Nc6 {[%emt 0:11:30]} 15. Bb2 Rac8 1/2-1/2

[Event "DPEM German Cup 2020"]
[Site "Magdeburg"]
[Date "2020.08.20"]
[Round "2.6"]
[White "Cofmann, Veaceslav"]
[Black "Kuberczyk, Christoph"]
[Result "1-0"]
[WhiteElo "2272"]
[BlackElo "2348"]
[Annotator "ChessBase"]
[PlyCount "63"]
[EventDate "2020.07.30"]
[EventType "k.o."]
[EventCountry "GER"]
[SourceTitle "playchess.com"]
[Source "ChessBase"]
[SourceQuality "1"]
[TimeControl "40/5400+30:900+30"]

1. d4 {[%emt 0:00:00]} Nf6 {[%emt 0:00:00]} 2. c4 {[%emt 0:00:00]} e6 {[%emt 0:00:08]} 3. Nf3 {[%emt 0:00:04]} c5 {[%emt 0:02:08]} 4. g3 {[%emt 0:02:07]} cxd4 {[%emt 0:01:14]} 5. Nxd4 {[%emt 0:00:15]} d5 {[%emt 0:01:07]} 6. Nf3 {[%emt 0:06:00]} Nc6 {[%emt 0:01:03]} 7. cxd5 {[%emt 0:00:21]} Qxd5 {[%emt 0:18:09]} 8. Bd2 {[%emt 0:09:37]} Qh5 {[%emt 0:03:14]} 9. Nc3 {[%emt 0:02:59]} Bc5 {[%emt 0:08:10]} 10. Bg5 O-O {[%emt 0:00:01]} 11. Bxf6 {[%emt 0:10:18]} gxf6 {[%emt 0:02:30]} 12. Bg2 {[%emt 0:04:46]} Rd8 {[%emt 0:17:28]} 13. Qc1 {[%emt 0:06:19]} Bd7 {[%emt 0:01:17]} 14. O-O {[%emt 0:07:14]} Rac8 {[%emt 0:13:35]} 15. Rd1 {[%emt 0:03:54]} Be8 {[%emt 0:10:36]} 16. Qf4 {[%emt 0:04:17]} Be7 {[%emt 0:05:26]} 17. g4 {[%emt 0:03:09]} Qa5 {[%emt 0:05:42]} 18. Ne4 Rxd1+ {[%emt 0:00:06]} 19. Rxd1 {[%emt 0:00:33]} Rd8 {[%emt 0:02:19]} 20. Rc1 f5 {[%emt 0:00:04]} 21. gxf5 {[%emt 0:06:32]} Qxf5 {[%emt 0:00:01]} 22. Qxf5 {[%emt 0:00:44]} exf5 {[%emt 0:00:04]} 23. Ng3 {[%emt 0:01:12]} Bd7 {[%emt 0:04:13]} 24. Bh3 {[%emt 0:00:55]} Be6 {[%emt 0:01:14]} 25. Nxf5 {[%emt 0:01:43]} Bf8 {[%emt 0:00:53]} 26. a3 {[%emt 0:01:31]} Bg7 {[%emt 0:00:07]} 27. Nxg7 Bxh3 28. Nh5 Kf8 29. Nf4 Bg4 30. Kg2 Bxf3+ 31. Kxf3 Rd2 32. Nd3 1-0

[Event "DPEM German Cup 2020"]
[Site "Magdeburg"]
[Date "2020.08.20"]
[Round "2.7"]
[White "Kopylov, Michael"]
[Black "Tiarks, Jann-Christian"]
[Result "1-0"]
[WhiteElo "2393"]
[BlackElo "2159"]
[Annotator "ChessBase"]
[PlyCount "55"]
[EventDate "2020.07.30"]
[EventType "k.o."]
[EventCountry "GER"]
[SourceTitle "playchess.com"]
[Source "ChessBase"]
[SourceQuality "1"]
[TimeControl "40/5400+30:900+30"]

1. d4 {[%emt 0:00:00]} f5 {[%emt 0:00:00]} 2. g3 {[%emt 0:00:23]} Nf6 {[%emt 0:00:00]} 3. Bg2 {[%emt 0:00:08]} e6 {[%emt 0:00:00]} 4. Nf3 {[%emt 0:00:44]} d5 {[%emt 0:00:04]} 5. O-O {[%emt 0:00:49]} Bd6 {[%emt 0:00:08]} 6. c4 {[%emt 0:00:29]} c6 {[%emt 0:00:06]} 7. Qc2 {[%emt 0:01:09]} O-O {[%emt 0:00:21]} 8. Nc3 {[%emt 0:02:16]} b6 {[%emt 0:02:20]} 9. Ne5 {[%emt 0:03:04]} Qe7 {[%emt 0:01:27]} 10. cxd5 {[%emt 0:10:02]} exd5 {[%emt 0:00:39]} 11. Nxc6 {[%emt 0:01:26]} Nxc6 {[%emt 0:01:08]} 12. Nxd5 {[%emt 0:00:39]} Nxd5 {[%emt 0:01:05]} 13. Bxd5+ {[%emt 0:00:56]} Be6 {[%emt 0:00:07]} 14. Qxc6 {[%emt 0:05:49]} Rac8 {[%emt 0:00:05]} 15. Qb5 {[%emt 0:02:41]} Kh8 {[%emt 0:01:11]} 16. Bg5 {[%emt 0:07:09]} Qxg5 {[%emt 0:00:56]} 17. Bxe6 {[%emt 0:00:03]} Rce8 {[%emt 0:00:37]} 18. Bd7 {[%emt 0:00:48]} Re7 {[%emt 0:00:23]} 19. Rac1 {[%emt 0:05:38]} h5 {[%emt 0:00:29]} 20. Rc8 {[%emt 0:04:28]} Ref7 {[%emt 0:01:47]} 21. Qd5 {[%emt 0:03:50]} Qg6 {[%emt 0:02:56]} 22. Rfc1 {[%emt 0:04:09]} h4 {[%emt 0:00:23]} 23. Be6 {[%emt 0:00:40]} Rxc8 {[%emt 0:00:04]} 24. Rxc8+ {[%emt 0:01:16]} Rf8 25. Qxf5 {[%emt 0:00:05]} Qxf5 {[%emt 0:01:31]} 26. Bxf5 hxg3 27. Rxf8+ {[%emt 0:00:48]} Bxf8 {[%emt 0:00:07]} 28. hxg3 {[%emt 0:00:05]} 1-0

[Event "DPEM German Cup 2020"]
[Site "Magdeburg"]
[Date "2020.08.20"]
[Round "2.8"]
[White "Krueger, Wolfgang"]
[Black "Kueppers, Timo"]
[Result "1/2-1/2"]
[WhiteElo "2093"]
[BlackElo "2282"]
[Annotator "TA"]
[PlyCount "42"]
[EventDate "2020.07.30"]
[EventType "k.o."]
[EventCountry "GER"]

{[%evp 9,42,22,21,34,23,0,15,1,30,-7,0,-22,0,-14,0,0,0,0,0,0,0,-8,-7,0,0,6,0,-16,0,0,0,0,5,5,11]} 1. e4 c5 2. Nf3 d6 3. d4 cxd4 4. Qxd4 Nf6 5. Be2 Nc6 6. Qe3 {B53: Sicilian: 2...d6: Lines with Qxd4.} g6 7. h3 Bg7 8. O-O O-O 9. c4 Nd7 {The position is equal.} 10. Nc3 Nc5 11. Rb1 {[#]} f5 $146 ({Predecessor:} 11... a5 12. b3 Bxc3 13. Qxc3 Nxe4 14. Qe3 Nc5 15. Bb2 f6 16. Rbd1 Qe8 17. Nd4 Nxd4 18. Bxd4 {½-½ (80) Savitskiy,S (2363)-Sarana,A (2261) Khanty-Mansiysk 2013}) 12. b4 f4 13. Qd2 Ne6 14. Nd5 Ned4 15. Bb2 {[%cal Rf3d4]} Nxf3+ 16. Bxf3 Ne5 17. Bxe5 (17. Nxf4 Nxf3+ 18. gxf3 e5 $17) 17... Bxe5 18. Rfd1 Bd7 19. c5 Ba4 20. Rdc1 dxc5 21. bxc5 Bc6 {Not much happened in this game. Accuracy: White = 92%, Black = 100%.} 1/2-1/2

[Event "DPEM German Cup 2020"]
[Site "Magdeburg"]
[Date "2020.08.21"]
[Round "3.1"]
[White "Mueer, Sebastian"]
[Black "Kueppers, Timo"]
[Result "1-0"]
[WhiteElo "2210"]
[BlackElo "2282"]
[Annotator "TA"]
[PlyCount "117"]
[EventDate "2020.07.30"]
[EventType "k.o."]
[EventCountry "GER"]
[SourceTitle "playchess.com"]
[Source "ChessBase"]
[SourceQuality "1"]

{[%evp 14,117,39,10,30,22,30,15,36,31,36,29,43,35,35,35,63,10,56,0,0,7,22,19,6,6,3,5,6,6,26,0,0,-6,14,13,16,0,0,0,0,0,5,0,0,0,0,0,0,0,0,0,0,0,141,140,145,91,141,130,169,72,72,72,385,385,384,373,373,366,364,364,315,276,429,429,385,377,322,299,436,397,682,652,1413,1342,1176,897,2617,900,6177,5852,5604,4008,5624,5616,10679,12787,4627,4622,29974,11779,6495,6470,2308,1212]} 1. d4 Nf6 2. c4 e6 3. Nf3 Bb4+ 4. Bd2 a5 5. g3 d6 6. Bg2 Nbd7 7. O-O e5 8. Be3 exd4 {E11: Bogo-Indian.} 9. Bxd4 O-O 10. a3 Bc5 {The position is equal.} 11. b3 Re8 12. Nc3 Qe7 13. Qc2 c6 14. e3 Nb6 {[#]} 15. a4 $146 (15. Bxc5 $14 dxc5 16. a4) ({Predecessor:} 15. Bxc5 dxc5 16. a4 Nbd7 17. h3 Nf8 18. Rad1 Qc7 19. Nd2 Be6 20. f4 Rad8 21. Nf3 Rxd1 22. Rxd1 {½-½ (54) Lundberg,C (2131)-Cumming,D (2400) ICCF email 2015}) 15... Bg4 16. h3 {[#] Black must now prevent Bxf6.} (16. Bxc5 {seems wilder.} dxc5 17. Rae1 Ne4 18. Nxe4 Qxe4 19. Qxe4 Rxe4 20. Ng5) 16... Bxf3 17. Bxf3 d5 18. cxd5 Bxd4 19. exd4 Nbxd5 20. Nxd5 cxd5 21. Rac1 g6 22. Bg2 Qb4 23. Qc3 Rac8 24. Qxb4 axb4 25. Rc5 Rxc5 26. dxc5 $11 {[%mdl 4096] Endgame KRB-KRN} Re2 27. Rd1 Rb2 28. Bxd5 Nxd5 29. Rxd5 Rxb3 {KR-KR} 30. Rd4 Kg7 31. Kg2 h5 32. h4 Kf6 33. Rd6+ Kg7 (33... Ke5 $11 {remains equal.}) 34. Rb6 $16 Rc3 35. Rxb4 (35. Rxb7 $142 Rxc5 36. Rxb4) 35... Rxc5 36. Rxb7 Rc3 37. Rb4 (37. Re7 $18 {has better winning chances.}) 37... Ra3 38. Rf4 Rb3 $2 {[%mdl 8192] [#] Now Black is done in.} (38... Kf8 $16) 39. Rf3 $1 $18 {[%cal Rf3b3]} Rb6 40. a5 Ra6 41. Ra3 Kf6 42. Kf3 Ke5 43. Ke3 f6 (43... Kd6 $142 44. Kd4 Kc6 45. Rc3+ Kd6) 44. f4+ Kd5 45. Kd3 Kc5 46. Kc3 Kb5 (46... Kc6 $142 47. Kb4 Kb7) 47. Kd4 Rd6+ $2 (47... Kc6 48. Rc3+ Kd6) 48. Ke4 Ka6 49. f5 gxf5+ 50. Kxf5 Rd4 51. Kg6 Rg4+ 52. Kxh5 Rg8 53. Kh6 Rg4 54. Rf3 Kxa5 55. Rf5+ Kb6 56. Rxf6+ Kc7 57. Rf3 (57. Rg6 $142 Rb4 58. Kh7 Rc4 59. h5 Re4 60. h6 Ra4 61. g4 Kd7 62. Kg7) 57... Kd7 58. Kh5 Rg8 59. Re3 {Accuracy: White = 83%, Black = 47%.} 1-0

[Event "DPEM German Cup 2020"]
[Site "Magdeburg"]
[Date "2020.08.21"]
[Round "3.2"]
[White "Keyser, Philipp"]
[Black "Neyman, Igor"]
[Result "1/2-1/2"]
[WhiteElo "1995"]
[BlackElo "2345"]
[Annotator "TA"]
[PlyCount "145"]
[EventDate "2020.07.30"]
[EventType "k.o."]
[EventCountry "GER"]
[SourceTitle "playchess.com"]
[Source "ChessBase"]
[SourceQuality "1"]

{[%evp 14,145,21,28,52,43,43,40,52,44,66,61,50,37,32,33,37,22,29,10,32,0,10,6,38,31,75,52,68,51,60,49,43,28,36,28,21,21,20,7,6,0,0,8,9,-10,-16,-16,-30,-30,0,-11,-7,-38,0,0,0,-53,0,0,24,0,0,0,0,0,0,0,78,30,110,64,77,44,12,19,31,12,107,102,112,54,71,0,93,44,44,40,47,33,125,58,27,24,79,20,27,0,14,14,214,14,64,82,124,114,257,254,192,191,1177,1137,950,570,539,500,448,237,235,155,431,65,68,0,0,0,0,0,0,0,0,0,0,0]} 1. e4 c5 2. Nf3 Nc6 3. d4 cxd4 4. Nxd4 e5 5. Nb5 d6 6. N1c3 a6 7. Na3 Be6 8. Nc4 Nf6 {B32: Sicilian: Löwenthal and Kalashnikov Variations.} 9. Bg5 Rb8 10. g3 Nd4 {White is slightly better.} 11. Ne3 Be7 12. Bxf6 Bxf6 13. h4 {[#]} Qd7 $146 ({Predecessor:} 13... Rc8 14. Bh3 O-O 15. Kf1 Bxh3+ 16. Rxh3 Qd7 17. Kg2 Bd8 18. Ncd5 f5 {½-½ (89) Wagner,D (2581)-Lintchevski,D (2559) chess.com INT 2020}) 14. Ncd5 Bd8 15. c3 Nc6 16. Bg2 O-O 17. O-O b5 18. Qd2 Bxd5 19. Nxd5 Be7 20. Rad1 Rfd8 21. Kh2 a5 {[%cal Ba6a5,Ba5a4][%mdl 32]} 22. Bh3 Qb7 23. h5 h6 24. f4 b4 25. Rf2 bxc3 26. bxc3 a4 27. Rdf1 Rf8 28. Qd1 Qa7 29. Nxe7+ Qxe7 30. f5 Qf6 31. Qxa4 Rb6 32. Rd1 Rc8 33. Qa3 Ne7 34. Rfd2 {[%cal Rd2d6]} Rcc6 35. Rb2 (35. c4 $11) 35... Rxb2+ (35... Kh7 $15) 36. Qxb2 $11 Rc4 37. Qb8+ Nc8 38. Rd3 Kh7 39. Qa8 Rc5 40. Qb7 Kg8 (40... d5 $11 {remains equal.}) 41. Qd7 Rc4 (41... Kf8 $11) 42. Bg2 Kf8 43. a4 (43. Qb5 $5 {[%cal Rb5c4]} Rc5 44. Qb3 $16) 43... Qe7 44. Qb5 Qc7 45. Qb3 Qc6 (45... Rc6 $11) 46. a5 $16 Rc5 47. Qb4 (47. Qa2 $16) 47... Rc4 $1 $14 {[%cal Rc4b4]} 48. Qb8 (48. Qb2 $16) 48... Ke7 (48... Ra4 $1 $11) 49. Qb3 Rc5 $1 50. Rd5 {Hoping for Rxc5.} Rxc3 51. Qb5 Kd7 (51... Qc7 $14) 52. Bf1 (52. a6 $1 $16) 52... Rc2+ 53. Kh3 Kc7 (53... Rc5 $1 $11 {keeps the balance.}) 54. Qxc6+ (54. Qb4 $16) 54... Rxc6 $16 {[%mdl 4096] Endgame KRB-KRN} 55. Rb5 f6 56. Rb1 Na7 $2 (56... Rc5 $1 $11 {and Black stays safe.}) 57. Kg2 $2 ({White must play} 57. Rb4 $1 $18) 57... Rc2+ 58. Kg1 Rc6 {[#]} 59. Rb4 $1 Kc8 (59... Nc8 $16 {was called for.}) 60. Bc4 $18 Rc5 {[#]} 61. a6 $1 {Threatens to win with Be6+.} (61. Ba6+ $6 Kd7 $16) 61... Nc6 $2 (61... Kd8 62. Kf2 Nc6 63. Rb8+ Nxb8) 62. Be6+ Kd8 63. Rb7 Ra5 64. Rxg7 Rxa6 65. Rh7 (65. Rd7+ $142 Ke8 66. Rf7 (66. Rxd6 Nb8 $16)) 65... Nd4 66. Bd5 Rb6 $2 (66... Nf3+ $16 {might work better.} 67. Kf2 Ng5 68. Rxh6 Ke7) 67. Rxh6 $2 (67. Kg2 $18) 67... Rb2 $1 $14 68. Rxf6 ({White should try} 68. Kf1 $14 Nf3 69. Rh8+ (69. Rxf6 Rd2 $11) 69... Kd7 70. Rh7+ Ke8 71. Rh8+ Ke7 72. Rh7+ Kf8 73. Rf7+ {[%mdl 64] Double Attack} Ke8 74. Rb7 (74. Rxf6 Rd2 $11)) 68... Nf3+ $11 {The position is equal.} 69. Kf1 Rd2 $1 70. Rxd6+ Ke7 71. Re6+ Kd8 72. Rd6+ Ke7 73. Re6+ {Black escapes into a draw. Accuracy: White = 64%, Black = 63%.} 1/2-1/2

[Event "DPEM German Cup 2020"]
[Site "Magdeburg"]
[Date "2020.08.21"]
[Round "3.3"]
[White "Langrock, Hannes"]
[Black "Falk, Kristoffer"]
[Result "1/2-1/2"]
[WhiteElo "2346"]
[BlackElo "2042"]
[Annotator "TA"]
[PlyCount "101"]
[EventDate "2020.07.30"]
[EventType "k.o."]
[EventCountry "GER"]
[SourceTitle "playchess.com"]
[Source "ChessBase"]
[SourceQuality "1"]

{[%evp 11,100,25,29,29,67,61,75,73,88,73,73,74,70,74,65,53,99,101,147,97,135,123,159,117,116,110,143,135,137,132,150,141,152,152,152,147,147,150,148,152,157,149,160,152,166,162,187,156,171,158,171,140,194,190,203,194,217,220,227,208,211,211,338,327,470,392,439,393,328,181,874,856,6079,4326,29973,29974,29971,29972,29986,29987,29988,29989,29993,29994,29995,29995,29995,30,29996,29997,29999]} 1. d4 Nf6 2. c4 e6 3. g3 d5 4. Nf3 dxc4 5. Bg2 a6 6. O-O Nc6 7. e3 {E04: Open Catalan: 5 Nf3.} Be7 8. Nbd2 {[%cal Bb1d2,Bd2c4,Bc4e5,Be5d3,Bd3c5][%mdl 32]} O-O 9. Nxc4 {White is better.} Rb8 {[#]} 10. b3 $146 ({Predecessor:} 10. Bd2 Ne4 11. Be1 Bd7 12. Nfe5 Nxe5 13. Nxe5 Nf6 14. a4 Be8 15. Nd3 Nd5 16. e4 {1-0 (44) Ness,H (2486)-Keuter,K (2509) ICCF email 2012}) 10... b5 11. Nfe5 Nxe5 12. Nxe5 {Hoping for Nc6.} Bb7 13. Bb2 Qd6 14. Rc1 Nd5 15. Qe2 Bf6 16. Nd3 {Threatens to win with e4.} Be7 17. Rc2 Qb6 18. Rfc1 Rbc8 19. a3 {[%cal Ba2a3,Ba3a4][%mdl 32]} b4 20. a4 a5 21. Nc5 Nc3 22. Bxc3 Bxg2 23. Kxg2 Bxc5 24. dxc5 Qc6+ 25. Qf3 Qxf3+ 26. Kxf3 {And now Bb2 would win.} bxc3 27. Rxc3 $16 {[%mdl 4096] Endgame KRR-KRR} c6 28. Rd1 Rfd8 29. Rcd3 Rxd3 30. Rxd3 {KR-KR} Kf8 31. e4 e5 (31... g5 $16 32. Kg4 h6) 32. Kg4 $18 Ke7 33. f4 exf4 34. gxf4 (34. Kxf4 $6 Rb8 $16) 34... Rb8 35. e5 Rb4 {[#]} 36. h4 $1 h5+ (36... g6 $142 37. h5 gxh5+ 38. Kf5 (38. Kxh5 Rxf4 39. Kg5 Rf2 $11) 38... Kf8) 37. Kg5 (37. Kxh5 Rxf4 38. Rd6 Rf5+ 39. Kg4 Rxe5 $11) 37... g6 (37... Ke8 {is a better defense.} 38. Rd6 Rxb3 39. Rxc6 (39. Kxh5 Ra3 $16) 39... Rb4) 38. Rd6 Rxb3 39. Rxc6 Rb4 {[#]} 40. Rc7+ (40. Rf6 $142 $1) 40... Ke8 $2 (40... Ke6 41. Rc6+ Ke7) 41. f5 Rg4+ 42. Kf6 gxf5 43. Re7+ Kd8 44. Rxf7 f4 45. e6 Rg8 46. e7+ Ke8 47. c6 f3 {[#]} 48. Rf8+ $1 {[%mdl 576] Promotion} Rxf8+ 49. exf8=Q+ {[%mdl 64] Promotion} ({Wrong is} 49. exf8=B $2 f2 $19) 49... Kxf8 50. c7 {[%cal Rc7c8]} f2 51. c8=Q# {[%mdl 32768] Accuracy: White = 82%, Black = 54%. . An unexpected result.} 1/2-1/2

[Event "DPEM German Cup 2020"]
[Site "Magdeburg"]
[Date "2020.08.21"]
[Round "3.4"]
[White "Cofmann, Veaceslav"]
[Black "Kopylov, Michael"]
[Result "0-1"]
[WhiteElo "2272"]
[BlackElo "2393"]
[Annotator "TA"]
[PlyCount "114"]
[EventDate "2020.07.30"]
[EventType "k.o."]
[EventCountry "GER"]
[SourceTitle "playchess.com"]
[Source "ChessBase"]
[SourceQuality "1"]

{[%evp 14,114,29,29,29,39,38,38,30,0,0,0,0,0,0,-19,-20,-33,-10,-55,-35,-27,-22,-40,-50,-70,-92,-80,-76,-74,-56,-62,-64,-80,-62,-86,-27,-39,-44,-62,-45,-70,-62,-62,-61,-66,-63,-68,-72,-66,-18,-23,-19,-25,-25,-25,-25,-49,-49,-49,-49,-162,-162,-154,-68,-208,-201,-293,-276,-302,-293,-504,-501,-576,-530,-803,-832,-889,-781,-1024,-1008,-29962,-29963,-29952,-995,-1010,-996,-973,-953,-744,-737,-5992,-5992,-5285,-4644,-2147,-1386,-29977,-29978,-29978,-29979,-29979,-29980]} 1. d4 Nf6 2. c4 c5 3. d5 b5 4. cxb5 a6 5. b6 d6 6. Nc3 Nbd7 7. a4 Qxb6 8. a5 Qb4 {A57: Benko/Volga Gambit.} 9. Ra4 Qb7 10. Nf3 g6 {[#] White is slightly better.} 11. g3 $146 ({Predecessor:} 11. h3 Bg7 12. e4 O-O 13. Bc4 Ne8 14. O-O Nc7 15. Qd3 Rb8 16. Ra3 Qa7 17. Re1 {0-1 (51) Pogosyan,S (2459)-Perunovic,M (2589) Moscow 2019}) 11... Bg7 12. Bg2 O-O 13. O-O Rb8 14. h3 Ne8 15. Ra2 Nc7 16. e4 Nb5 17. Nxb5 Qxb5 18. Bg5 Re8 19. Qc2 Ne5 20. Nxe5 Bxe5 21. Bd2 Qb3 22. Qxb3 Rxb3 23. Rb1 f5 $1 24. Ra3 Rb8 ({Black should play} 24... Rxb2 $17 25. Rxb2 Bxb2) 25. b4 $11 fxe4 26. Bxe4 cxb4 27. Rxb4 Rxb4 28. Bxb4 Bxh3 29. Bd3 Rb8 30. Bc3 {next Bxe5 is good for White.} Bxc3 31. Rxc3 Bf5 32. Bxf5 $1 gxf5 {[%mdl 4096] Endgame KR-KR} 33. Rc6 Rb5 34. Rxa6 Rxd5 35. Ra8+ Kf7 36. a6 Ra5 37. a7 (37. Ra7 $15) 37... Ke6 $19 38. Kg2 Ra3 ({Black should try} 38... Ke5 $17 39. Kf3 Ra3+ 40. Ke2 d5) 39. Kf1 {Loses the game.} (39. f4 $1 $15) 39... Ke5 $1 40. Ke2 (40. Rh8 {was necessary.} Rxa7 41. Rxh7) 40... Ke4 41. f3+ Kd4 $1 42. f4 $2 (42. Rf8 {might work better.} Ra2+ 43. Kd1 Rxa7 44. Rxf5) 42... Ke4 $1 43. Kd2 d5 $1 {[%cal Rd5d4]} 44. Kc2 {intending Kb2.} d4 45. Kb2 Ra6 46. Kb3 d3 47. Kc4 Ke3 48. Rd8 d2 (48... Ra4+ $142 49. Kc3 Ra3+ 50. Kc4 d2 51. Rd7 {[#]} Rxa7 $1 {[%mdl 576] Promotion} 52. Rxa7 d1=Q 53. Rxe7+ Kf2 54. Rf7 Kxg3 55. Rb7 Qc2+ 56. Kb5 Qb2+ 57. Kc6 Qxb7+ $1 {[%mdl 512]} 58. Kxb7 h5 59. Kc6 Kxf4 60. Kc7 Kg3 61. Kd6 f4 62. Kd5 f3 63. Kd4 h4 64. Ke4 f2 65. Kd4 h3 66. Kd3 f1=Q+ 67. Kc3 h2 68. Kd4 h1=Q 69. Ke5 Qf4+ 70. Ke6 Qc6+ 71. Ke7 Qff6#) 49. Kc3 Ra3+ 50. Kc2 Rxa7 51. Rd3+ Ke4 {( -> ...Ra2+)} 52. Rb3 Rd7 53. Kd1 h5 54. Rb5 Rd5 55. Rxd5 Kxd5 {Black mates.} 56. Kxd2 Ke4 57. Ke2 {[#]} h4 $1 {[%mdl 512] Accuracy: White = 51%, Black = 85%.} 0-1